000 00754cam a22002533a 4500
001 31525
003 PGUSA
005 20140828083700.0
008 100306s2010||||xxu|||||s|||||000 | eng d
040 _aPGUSA
_beng
042 _adc
050 4 _aBV
100 1 _aGilmour, James,
_d1843-1891
245 1 0 _aJames Gilmour of Mongolia :
_bHis diaries, letters, and reports
_h[electronic resource] /
_cJames Gilmour
260 _bProject Gutenberg,
_c2010
506 _aPublic domain in the USA.
516 _aElectronic text
653 _aGilmour, James, 1843-1891
653 _aMissions -- Mongolia
700 1 _aLovett, Richard,
_d1851-1904
830 0 _aProject Gutenberg
_v31525
856 4 0 _uhttp://www.gutenberg.org/ebooks/31525
942 _cEB
999 _c260780
_d260780